000 00338nam a2200157Ia 4500
999 _c10118
_d10118
003 OSt
005 20250705162949.0
008 201231s9999 xx 000 0 und d
040 _c.
082 _a331.7656
_bH6779
100 _aHMSO
245 0 _aPort Transport Industry /
260 _aLondon
_bHMSO
300 _a63
942 _cBK
_2ddc